[Event "FISU World University"]
[Site "Tornelo INT"]
[Date "2020.10.28"]
[Round "7.23"]
[White "Serikbay, Chingiz"]
[Black "Ikeda, Vinicius Yasuto"]
[Result "1-0"]
[WhiteElo "2338"]
[BlackElo "2004"]
[PlyCount "97"]
[EventDate "2020.10.26"]
[EventType "team-swiss (rapid)"]
[EventRounds "9"]
[EventCountry "NET"]
[SourceTitle "CBM 199 Extra"]
[Source "ChessBase"]
[SourceDate "2021.01.31"]
[SourceVersion "1"]
[SourceVersionDate "2021.01.31"]
[SourceQuality "1"]
[WhiteTeam "Kazakhstan III"]
[BlackTeam "Brazil V"]
[WhiteTeamCountry "KAZ"]
[BlackTeamCountry "BRA"]

1. d4 Nf6 2. Nf3 d5 3. c4 e6 4. g3 Be7 5. Bg2 0-0 6. 0-0 dxc4 7. Qc2 a6 8. a4 Nd5 9. Ne5 c5 10. dxc5 Qc7 11. Nxc4 Bxc5 12. e4 Nb4 13. Qe2 N8c6 14. Be3 Nd4 15. Bxd4 Bxd4 16. Nc3 e5 17. Rfc1 Bd7 18. Nd5 Nxd5 19. exd5 Rac8 20. Qd2 b5 21. axb5 axb5 22. Ne3 Qb6 23. Nd1 b4 24. Ne3 h6 25. Nc4 Qf6 26. Be4 Rc5 27. Na5 Rfc8 28. Nc6 Rxc1+ 29. Rxc1 Bxc6 30. dxc6 Qd6 31. Kg2 g6 32. g4 Kg7 33. Qc2 Rc7 34. b3 Qe6 35. h3 Qf6 36. Qe2 Qf4 37. Rc4 Bc3 38. Bxg6 Qc1 39. Bc2 Qg5 40. Qe4 Bd4 41. Rxb4 Qd2 42. Qh7+ Kf6 43. Qf5+ Kg7 44. Rb7 Rxb7 45. cxb7 Qb4 46. Be4 Qxb3 47. Qh7+ Kf8 48. Qh8+ Ke7 49. b8Q 1-0

[Event "FISU World University"]
[Site "Tornelo INT"]
[Date "2020.10.26"]
[Round "1.20"]
[White "Ikeda, Vinicius Yasuto"]
[Black "Cadilhac, Igor Tokuichi Kikuc"]
[Result "1-0"]
[WhiteElo "2004"]
[BlackElo "2323"]
[PlyCount "79"]
[EventDate "2020.10.26"]
[EventType "team-swiss (rapid)"]
[EventRounds "9"]
[EventCountry "NET"]
[SourceTitle "CBM 199 Extra"]
[Source "ChessBase"]
[SourceDate "2021.01.31"]
[SourceVersion "1"]
[SourceVersionDate "2021.01.31"]
[SourceQuality "1"]
[WhiteTeam "Brazil V"]
[BlackTeam "Brazil"]
[WhiteTeamCountry "BRA"]
[BlackTeamCountry "BRA"]

1. d4 Nf6 2. c4 e6 3. Nf3 c5 4. d5 b5 5. dxe6 fxe6 6. cxb5 d5 7. Nc3 Bd6 8. g3 0-0 9. Bg2 Bb7 10. 0-0 Nbd7 11. a4 Qe8 12. a5 Rd8 13. Bg5 d4 14. Nb1 e5 15. Nfd2 e4 16. Nc4 Bb8 17. Nbd2 Qh5 18. Bxf6 Nxf6 19. a6 Bd5 20. b6 Ng4 21. h3 Nxf2 22. Rxf2 Rxf2 23. Kxf2 e3+ 24. Kg1 exd2 25. Nxd2 Bxg2 26. Kxg2 axb6 27. a7 Be5 28. a8Q Rxa8 29. Rxa8+ Kf7 30. Qb3+ Ke7 31. Ra7+ Kf8 32. Nf3 Bb8 33. Ra8 Qe8 34. Qc2 Kg8 35. Qd2 h6 36. Kf1 Qc8 37. Qf4 Qxh3+ 38. Kf2 Kh7 39. Rxb8 Qe6 40. Rf8 1-0

[Event "BRA-ch U26"]
[Site "Brasilia"]
[Date "2019.04.25"]
[Round "4"]
[White "Damaceno, Mateus Lima"]
[Black "Ikeda, Vinicius Yasuto"]
[Result "1-0"]
[WhiteElo "2136"]
[BlackElo "2004"]
[PlyCount "171"]
[EventDate "2019.04.23"]
[EventType "swiss"]
[EventRounds "7"]
[EventCountry "BRA"]
[SourceTitle "CBM 190 Extra"]
[Source "ChessBase"]
[SourceDate "2019.07.15"]
[SourceVersion "1"]
[SourceVersionDate "2019.07.15"]
[SourceQuality "1"]

1. d4 Nf6 2. Nf3 e6 3. e3 d5 4. c4 Be7 5. b3 0-0 6. Bb2 Nbd7 7. Nc3 b6 8. cxd5 exd5 9. Bd3 Bb7 10. 0-0 Ne4 11. Ne5 f6 12. Nxd7 Qxd7 13. Nxe4 dxe4 14. Bc4+ Kh8 15. Qh5 Bd6 16. Rfd1 f5 17. Qh3 Rad8 18. a4 Qe7 19. g3 Bc8 20. Qf1 Rf6 21. f4 exf3 22. Qxf3 Rg6 23. Rd2 Rf8 24. Kh1 f4 25. exf4 Bg4 26. Qg2 Bxf4 27. Rf2 Bd6 28. Rxf8+ Qxf8 29. Rf1 Rf6 30. Rxf6 Qxf6 31. Qa8+ Bf8 32. Kg2 Qf5 33. Bd3 Bh3+ 34. Kg1 Qf7 35. Ba3 c5 36. Qe4 Qh5 37. Kf2 Qf7+ 38. Qf3 Qxf3+ 39. Kxf3 Be6 40. Bc4 Bd7 41. Ke4 Be8 42. dxc5 h5 43. Kd4 g6 44. cxb6 Bg7+ 45. Kd3 axb6 46. Bd6 Bd7 47. Bc7 Bf5+ 48. Kd2 Bd4 49. Bf4 Bc5 50. Be5+ Kh7 51. Kc3 Bg1 52. h4 Bf2 53. Kb4 Bd7 54. Kc3 Bf5 55. Kd2 Bg4 56. b4 Kh6 57. Bf4+ Kg7 58. a5 bxa5 59. bxa5 Bf3 60. a6 Kf6 61. Bd3 Kf7 62. Kc3 Bc6 63. Kb4 Kf6 64. Ka5 Bd7 65. Be4 Bd4 66. Bb8 Bc3+ 67. Kb6 Bd4+ 68. Kb7 g5 69. a7 Bxa7 70. Bxa7 gxh4 71. gxh4 Bg4 72. Kb6 Ke6 73. Kc5 Bd1 74. Kd4 Bg4 75. Ke3 Kf6 76. Kf4 Be2 77. Bf3 Bxf3 78. Kxf3 Kf5 79. Bb8 Kg6 80. Kf4 Kf6 81. Be5+ Kg6 82. Bd4 Kh6 83. Kf5 Kh7 84. Kg5 Kg8 85. Kxh5 Kh7 86. Bc3 1-0

[Event "BRA-ch U26"]
[Site "Brasilia"]
[Date "2019.04.24"]
[Round "2"]
[White "Araujo, Lucas Filipe Echer"]
[Black "Ikeda, Vinicius Yasuto"]
[Result "0-1"]
[WhiteElo "1800"]
[BlackElo "2004"]
[PlyCount "96"]
[EventDate "2019.04.23"]
[EventType "swiss"]
[EventRounds "7"]
[EventCountry "BRA"]
[SourceTitle "CBM 190 Extra"]
[Source "ChessBase"]
[SourceDate "2019.07.15"]
[SourceVersion "1"]
[SourceVersionDate "2019.07.15"]
[SourceQuality "1"]

1. d4 Nf6 2. Bf4 d5 3. e3 e6 4. Nf3 Bd6 5. Bg3 0-0 6. Nbd2 b6 7. Bd3 Bb7 8. Ne5 c5 9. c3 Nc6 10. 0-0 Ne7 11. f4 Ne4 12. Bh4 f6 13. Bxe4 dxe4 14. Nec4 Rc8 15. Nxd6 Qxd6 16. Qa4 cxd4 17. cxd4 Nf5 18. Bf2 Bd5 19. Rfc1 Rc7 20. Rc3 g5 21. fxg5 Rg7 22. gxf6 Rxf6 23. Rc8+ Rf8 24. Rxf8+ Qxf8 25. Rf1 Qe7 26. Rc1 h5 27. Rc8+ Kh7 28. Qe8 Qxe8 29. Rxe8 Rc7 30. Kf1 Rc2 31. Ke1 Bc6 32. Kd1 Rxd2+ 33. Kxd2 Bxe8 34. Kc3 Kg6 35. Kc4 Bc6 36. a3 a6 37. Kb4 Kg5 38. a4 a5+ 39. Ka3 Nh4 40. g3 Nf3 41. h3 e5 42. b4 Bd7 43. bxa5 bxa5 44. Kb3 Bxh3 45. Kc4 Bd7 46. Kd5 Kf5 47. dxe5 Bxa4 48. Kd6 Bb3 0-1

[Event "BRA-ch U26"]
[Site "Brasilia"]
[Date "2019.04.24"]
[Round "3"]
[White "Ikeda, Vinicius Yasuto"]
[Black "Frankental, David"]
[Result "0-1"]
[WhiteElo "2004"]
[BlackElo "2151"]
[PlyCount "76"]
[EventDate "2019.04.23"]
[EventType "swiss"]
[EventRounds "7"]
[EventCountry "BRA"]
[SourceTitle "CBM 190 Extra"]
[Source "ChessBase"]
[SourceDate "2019.07.15"]
[SourceVersion "1"]
[SourceVersionDate "2019.07.15"]
[SourceQuality "1"]

1. d4 d5 2. c4 c6 3. cxd5 cxd5 4. Bf4 Nc6 5. Nf3 Bg4 6. Nc3 e6 7. Ne5 Nf6 8. Qa4 Qb6 9. f3 Bf5 10. g4 Bg6 11. h4 h5 12. g5 Nd7 13. Nxg6 fxg6 14. Bh3 Kf7 15. Nxd5 exd5 16. Bxd7 Nxd4 17. Be5 Nxf3+ 18. exf3 Qe3+ 19. Kd1 Qxf3+ 20. Kd2 Qf2+ 21. Kc1 Qe3+ 22. Kc2 Qe2+ 23. Kb3 Qxe5 24. Rae1 Qg3+ 25. Kc2 Kg8 26. Qd4 Qc7+ 27. Kb1 Qxd7 28. Re5 Qc6 29. Rc1 Qb6 30. Qxd5+ Kh7 31. Re6 Qf2 32. Ka1 Rc8 33. Rd1 Qc5 34. Qd2 Qc2 35. Qe1 Bb4 36. Qg1 Rhd8 37. Rb1 Rd2 38. Qf1 Ba3 0-1

[Event "BRA-ch U26"]
[Site "Brasilia"]
[Date "2019.04.23"]
[Round "1"]
[White "Ikeda, Vinicius Yasuto"]
[Black "Christoforo, Sergio Augusto de A"]
[Result "1-0"]
[WhiteElo "2004"]
[BlackElo "1800"]
[PlyCount "59"]
[EventDate "2019.04.23"]
[EventType "swiss"]
[EventRounds "7"]
[EventCountry "BRA"]
[SourceTitle "CBM 190 Extra"]
[Source "ChessBase"]
[SourceDate "2019.07.15"]
[SourceVersion "1"]
[SourceVersionDate "2019.07.15"]
[SourceQuality "1"]

1. d4 Nf6 2. c4 g6 3. Nc3 d5 4. cxd5 Nxd5 5. e4 Nxc3 6. bxc3 Bg7 7. Bc4 0-0 8. Ne2 e5 9. Ba3 Re8 10. Qb3 Qd7 11. d5 a6 12. 0-0 Bh8 13. Rad1 f5 14. f4 c6 15. exf5 b5 16. Bd3 Qa7+ 17. Kh1 e4 18. Bb1 Bxf5 19. Ng3 Qf7 20. c4 bxc4 21. Qxc4 cxd5 22. Qxd5 Qxd5 23. Rxd5 Be6 24. Rd6 Bf5 25. Re1 Ra7 26. Nxf5 gxf5 27. g4 Rf7 28. gxf5 Rd7 29. Re6 Rxe6 30. fxe6 1-0

[Event "BRA-ch U26"]
[Site "Goiania"]
[Date "2017.10.22"]
[Round "6"]
[White "Ikeda, Vinicius Yasuto"]
[Black "Marques, Joao Paulo Cassemir"]
[Result "0-1"]
[WhiteElo "2004"]
[BlackElo "2245"]
[PlyCount "80"]
[EventDate "2017.10.19"]
[EventType "swiss"]
[EventRounds "7"]
[EventCountry "BRA"]
[SourceTitle "CBM 181 Extra"]
[Source "ChessBase"]
[SourceDate "2017.12.12"]
[SourceVersion "1"]
[SourceVersionDate "2017.12.12"]
[SourceQuality "1"]

1. d4 f5 2. c4 Nf6 3. Nc3 d6 4. Nf3 g6 5. g3 Bg7 6. Bg2 0-0 7. 0-0 c6 8. d5 e5 9. e4 cxd5 10. cxd5 Na6 11. Ng5 h6 12. Ne6 Bxe6 13. dxe6 Nc5 14. exf5 gxf5 15. Nd5 Nxd5 16. Qxd5 Qe7 17. Rd1 e4 18. Qxd6 Qxd6 19. Rxd6 Rfd8 20. Bf4 Rxd6 21. Bxd6 Nxe6 22. g4 Rd8 23. Ba3 Nd4 24. gxf5 Nf3+ 25. Bxf3 exf3 26. Bc5 b6 27. Be3 Bxb2 28. Rb1 h5 29. h3 Be5 30. Rc1 Kf7 31. h4 Rd3 32. Bg5 b5 33. Re1 Rd5 34. Kf1 a5 35. Rc1 Rd3 36. Re1 Rd5 37. Rc1 b4 38. Kg1 a4 39. Re1 b3 40. axb3 a3 0-1

[Event "BRA-ch U26"]
[Site "Goiania"]
[Date "2017.10.21"]
[Round "4"]
[White "Ikeda, Vinicius Yasuto"]
[Black "Leacima, Giovane Santiago"]
[Result "1/2-1/2"]
[WhiteElo "2004"]
[BlackElo "1864"]
[PlyCount "94"]
[EventDate "2017.10.19"]
[EventType "swiss"]
[EventRounds "7"]
[EventCountry "BRA"]
[SourceTitle "CBM 181 Extra"]
[Source "ChessBase"]
[SourceDate "2017.12.12"]
[SourceVersion "1"]
[SourceVersionDate "2017.12.12"]
[SourceQuality "1"]

1. d4 Nf6 2. c4 g6 3. Nc3 Bg7 4. e4 d6 5. Nf3 0-0 6. Be2 e5 7. 0-0 Nc6 8. d5 Ne7 9. a3 Nd7 10. Bd2 f5 11. exf5 Nxf5 12. Ne4 Nf6 13. Nfg5 Nd4 14. Bd3 Bf5 15. Nxf6+ Qxf6 16. Ne4 Bxe4 17. Bxe4 Qh4 18. f3 Bh6 19. Bxh6 Qxh6 20. Qd3 Qg5 21. b4 Nf5 22. c5 Rad8 23. Rf2 Kg7 24. Rd1 dxc5 25. bxc5 Ne3 26. Rb1 b6 27. cxb6 axb6 28. Qd2 Kh6 29. Rc1 Nxd5 30. Bxd5 Rxd5 31. Qxg5+ Kxg5 32. Rxc7 Ra8 33. Rb2 Rxa3 34. Rxh7 Rd6 35. Rb7 Kf4 36. Kf2 Rc3 37. h4 Rcc6 38. Rb4+ Kf5 39. Kg3 Kf6 40. Rb5 Kf5 41. Rb8 Kf6 42. Re8 Re6 43. Rf8+ Kg7 44. Rb8 Kf6 45. Rb4 Red6 46. Rb5 Re6 47. Rb4 Red6 1/2-1/2

[Event "BRA-ch U26"]
[Site "Goiania"]
[Date "2017.10.20"]
[Round "3"]
[White "De Santana, Jose Ricardo Gonca"]
[Black "Ikeda, Vinicius Yasuto"]
[Result "1-0"]
[WhiteElo "1902"]
[BlackElo "2004"]
[PlyCount "92"]
[EventDate "2017.10.19"]
[EventType "swiss"]
[EventRounds "7"]
[EventCountry "BRA"]
[SourceTitle "CBM 181 Extra"]
[Source "ChessBase"]
[SourceDate "2017.12.12"]
[SourceVersion "1"]
[SourceVersionDate "2017.12.12"]
[SourceQuality "1"]

1. e4 e5 2. Nf3 Nc6 3. Bb5 a6 4. Ba4 Nf6 5. 0-0 Be7 6. Re1 b5 7. Bb3 d6 8. c3 0-0 9. d3 Na5 10. Bc2 c5 11. Nbd2 Re8 12. a4 Bb7 13. Nf1 Bf8 14. Bg5 h6 15. Bh4 g6 16. Qd2 Bg7 17. Ne3 h5 18. h3 Bc6 19. b4 Nb7 20. axb5 axb5 21. Ng5 Rf8 22. Nf1 d5 23. Rxa8 Qxa8 24. Re3 cxb4 25. cxb4 Nd6 26. f3 Nd7 27. Bb3 Nf6 28. Re2 Qa3 29. Qc3 Qa8 30. Qc5 Rd8 31. Ra2 Qb7 32. Ra7 Qb8 33. Kh2 Rc8 34. Nxf7 Nxf7 35. Qe7 Rf8 36. Bxf6 Bxf6 37. Qxf6 Qxa7 38. Qxg6+ Kh8 39. Qxc6 Rg8 40. Qf6+ Rg7 41. Ng3 Qf2 42. Qh4 Nh6 43. Bxd5 Rg6 44. Qd8+ Kh7 45. Qe7+ Rg7 46. Qh4 Rg6 1-0

[Event "BRA-ch U26"]
[Site "Goiania"]
[Date "2017.10.19"]
[Round "1"]
[White "Ramos Junior, Silvio Augusto da S"]
[Black "Ikeda, Vinicius Yasuto"]
[Result "0-1"]
[WhiteElo "1792"]
[BlackElo "2004"]
[PlyCount "38"]
[EventDate "2017.10.19"]
[EventType "swiss"]
[EventRounds "7"]
[EventCountry "BRA"]
[SourceTitle "CBM 181 Extra"]
[Source "ChessBase"]
[SourceDate "2017.12.12"]
[SourceVersion "1"]
[SourceVersionDate "2017.12.12"]
[SourceQuality "1"]

1. d4 Nf6 2. c4 e6 3. Nf3 d5 4. Nc3 Be7 5. Bf4 0-0 6. e3 Bd6 7. Bg5 c6 8. c5 Be7 9. Bd3 Nbd7 10. 0-0 Ng4 11. Bxe7 Qxe7 12. h3 Ngf6 13. b4 e5 14. dxe5 Nxe5 15. Be2 Ng6 16. Qd4 Ne4 17. Nxe4 dxe4 18. Nd2 Bf5 19. Nc4 Nh4 0-1

[Event "Catarinense-ch"]
[Site "Blumenau"]
[Date "2017.05.21"]
[Round "6"]
[White "Ikeda, Vinicius Yasuto"]
[Black "Hille, Willian Henrique"]
[Result "0-1"]
[WhiteElo "2007"]
[BlackElo "2052"]
[PlyCount "69"]
[EventDate "2017.05.19"]
[EventType "swiss"]
[EventRounds "6"]
[EventCountry "BRA"]
[SourceTitle "CBM 178 Extra"]
[Source "ChessBase"]
[SourceDate "2017.06.22"]
[SourceVersion "1"]
[SourceVersionDate "2017.06.22"]
[SourceQuality "1"]

1. d4 f5 2. c4 Nf6 3. g3 g6 4. Bg2 Bg7 5. Nf3 0-0 6. Nc3 d6 7. 0-0 Qe8 8. Qb3 Kh8 9. Rd1 Na6 10. e4 fxe4 11. Ng5 e5 12. dxe5 Qxe5 13. Ngxe4 Bg4 14. Rf1 Nxe4 15. Nxe4 Rab8 16. a4 b6 17. Qb5 Nc5 18. Nc3 Bd7 19. Qb4 Nd3 20. Qb3 a5 21. Nd5 Nxc1 22. Raxc1 Qxb2 23. Qxb2 Bxb2 24. Rb1 Bd4 25. Nxc7 Rbc8 26. Nd5 Bf5 27. Rb5 Bd3 28. Rd1 Bxf2+ 29. Kh1 Bxc4 30. Nxb6 Bxb5 31. Nxc8 Bxa4 32. Rc1 Bc5 33. Ne7 Bb3 34. Nc6 a4 35. Na5 0-1

[Event "Catarinense-ch"]
[Site "Blumenau"]
[Date "2017.05.20"]
[Round "3"]
[White "Borges, Guilherme Deola"]
[Black "Ikeda, Vinicius Yasuto"]
[Result "1/2-1/2"]
[WhiteElo "2149"]
[BlackElo "2007"]
[PlyCount "82"]
[EventDate "2017.05.19"]
[EventType "swiss"]
[EventRounds "6"]
[EventCountry "BRA"]
[SourceTitle "CBM 178 Extra"]
[Source "ChessBase"]
[SourceDate "2017.06.22"]
[SourceVersion "1"]
[SourceVersionDate "2017.06.22"]
[SourceQuality "1"]

1. d4 Nf6 2. c4 e6 3. Nc3 d5 4. cxd5 exd5 5. Bg5 Be7 6. e3 Nbd7 7. Bd3 c6 8. Qc2 0-0 9. Nge2 Re8 10. 0-0 h6 11. Bh4 Ne4 12. Bxe7 Qxe7 13. Bxe4 dxe4 14. b4 Qxb4 15. Nxe4 Qe7 16. Nd2 Nf6 17. a4 Bd7 18. a5 Rab8 19. Nf4 Rec8 20. Rfc1 Ng4 21. Nf1 Qg5 22. Ng3 Qh4 23. h3 Nxe3 24. fxe3 Qxg3 25. Qf2 Qxf2+ 26. Kxf2 b6 27. axb6 axb6 28. Ra7 Bf5 29. Rca1 b5 30. g4 Be4 31. Re7 Re8 32. Rxe8+ Rxe8 33. Ke2 Rb8 34. Kd2 g5 35. Nh5 Bg6 36. Nf6+ Kg7 37. Nd7 Rd8 38. Nc5 h5 39. Ra7 Rd6 40. Rc7 hxg4 41. hxg4 Kf8 1/2-1/2

[Event "Curitiba Sul Region-ch"]
[Site "Curitiba"]
[Date "2017.04.16"]
[Round "6"]
[White "Ikeda, Vinicius Yasuto"]
[Black "Idalgo Filho, Robson Farias"]
[Result "1/2-1/2"]
[WhiteElo "2018"]
[BlackElo "1933"]
[PlyCount "78"]
[EventDate "2017.04.14"]
[EventType "swiss"]
[EventRounds "6"]
[EventCountry "BRA"]
[SourceTitle "CBM 178 Extra"]
[Source "ChessBase"]
[SourceDate "2017.06.22"]
[SourceVersion "1"]
[SourceVersionDate "2017.06.22"]
[SourceQuality "1"]

1. d4 Nf6 2. c4 e6 3. Nf3 d5 4. Nc3 Be7 5. Bf4 c6 6. e3 0-0 7. Bd3 Nbd7 8. 0-0 Nh5 9. Bg3 Nxg3 10. hxg3 f5 11. Rb1 a5 12. Qc2 g6 13. a3 Nf6 14. b4 axb4 15. axb4 Ne4 16. Rfc1 Bd6 17. b5 g5 18. bxc6 bxc6 19. cxd5 g4 20. Ne5 Bxe5 21. dxe5 cxd5 22. Ne2 Ba6 23. Bxa6 Rxa6 24. Nd4 Qd7 25. Rb2 Rfa8 26. Qc7 R8a7 27. Qb8+ Kg7 28. Rb6 Rxb6 29. Qxb6 Rb7 30. Qxe6 Qxe6 31. Nxe6+ Kf7 32. Nf4 Re7 33. Nd3 Kg6 34. Ra1 Rb7 35. Nf4+ Kf7 36. Rd1 Nc3 37. Rc1 Ne4 38. Rd1 Nc3 39. Rc1 Ne4 1/2-1/2

[Event "Curitiba Sul Region-ch"]
[Site "Curitiba"]
[Date "2017.04.15"]
[Round "4"]
[White "Bueno, Marcos Antonio Ferr"]
[Black "Ikeda, Vinicius Yasuto"]
[Result "0-1"]
[WhiteElo "1737"]
[BlackElo "2018"]
[PlyCount "70"]
[EventDate "2017.04.14"]
[EventType "swiss"]
[EventRounds "6"]
[EventCountry "BRA"]
[SourceTitle "CBM 178 Extra"]
[Source "ChessBase"]
[SourceDate "2017.06.22"]
[SourceVersion "1"]
[SourceVersionDate "2017.06.22"]
[SourceQuality "1"]

1. Nf3 d5 2. g3 c5 3. Bg2 Nc6 4. 0-0 e5 5. d3 Nf6 6. Nbd2 Bd6 7. e4 0-0 8. c3 dxe4 9. Nxe4 Nxe4 10. dxe4 Qe7 11. Qe2 Bg4 12. h3 Be6 13. Be3 f6 14. Nh4 Qf7 15. b3 Rfd8 16. f4 exf4 17. gxf4 Qc7 18. Qf2 b6 19. Qf3 Rac8 20. Kh1 a5 21. Rg1 c4 22. bxc4 Bxc4 23. Bf1 Be6 24. Qg2 Bf8 25. f5 Bf7 26. Bh6 Bh5 27. Bc4+ Kh8 28. Be6 Rb8 29. Raf1 Ne5 30. c4 Rd3 31. Bf4 Rbd8 32. Bd5 Qe7 33. Bxe5 Qxe5 34. Nf3 Qc3 35. e5 R8xd5 0-1

[Event "Florianopolis op 3rd"]
[Site "Florianopolis"]
[Date "2017.01.25"]
[Round "8"]
[White "Correa, Ariane Miranda"]
[Black "Ikeda, Vinicius Yasuto"]
[Result "1/2-1/2"]
[WhiteElo "1830"]
[BlackElo "2030"]
[PlyCount "52"]
[EventDate "2017.01.20"]
[EventType "swiss"]
[EventRounds "10"]
[EventCountry "BRA"]
[SourceTitle "CBM 176 Extra"]
[Source "ChessBase"]
[SourceDate "2017.03.02"]
[SourceVersion "1"]
[SourceVersionDate "2017.03.02"]
[SourceQuality "1"]

1. e4 e5 2. Nf3 Nc6 3. Bc4 Bc5 4. c3 Nf6 5. d3 d6 6. 0-0 h6 7. h3 0-0 8. a4 a5 9. Na3 Re8 10. Nc2 Bb6 11. Be3 Bxe3 12. Nxe3 Ne7 13. Qb3 Rf8 14. Nh4 c6 15. Rfe1 d5 16. exd5 cxd5 17. Bb5 Be6 18. c4 e4 19. dxe4 dxe4 20. Rad1 Qc8 21. Qc3 Qc5 22. Kh2 Rfd8 23. g3 Nc6 24. Bxc6 bxc6 25. Nhg2 Qb4 26. Qxb4 axb4 1/2-1/2

[Event "Florianopolis op 3rd"]
[Site "Florianopolis"]
[Date "2017.01.21"]
[Round "2"]
[White "Trois, Francisco R Torres"]
[Black "Ikeda, Vinicius Yasuto"]
[Result "1/2-1/2"]
[WhiteElo "2218"]
[BlackElo "2030"]
[PlyCount "67"]
[EventDate "2017.01.20"]
[EventType "swiss"]
[EventRounds "10"]
[EventCountry "BRA"]
[SourceTitle "CBM 176 Extra"]
[Source "ChessBase"]
[SourceDate "2017.03.02"]
[SourceVersion "1"]
[SourceVersionDate "2017.03.02"]
[SourceQuality "1"]

1. Nf3 d5 2. g3 c5 3. Bg2 Nc6 4. 0-0 e5 5. d3 Nf6 6. c4 d4 7. e4 Be7 8. Ne1 Bg4 9. f3 Bh5 10. Bh3 0-0 11. a3 Rb8 12. Nd2 a6 13. Ng2 Ne8 14. Qe1 Nd6 15. f4 f6 16. Be6+ Bf7 17. Bxf7+ Rxf7 18. Rf2 b5 19. b3 bxc4 20. bxc4 Rf8 21. Rb1 Qa5 22. Qd1 Rxb1 23. Nxb1 Rb8 24. Qc2 Ne8 25. f5 Nd6 26. Kf1 Qb6 27. Nd2 Na5 28. Ne1 Bd8 29. Qa4 Qc6 30. Qd1 Bc7 31. h4 Qb7 32. Qa4 Qc6 33. Qd1 Qb7 34. Qa4 1/2-1/2

[Event "Blumenau Ann 100 op"]
[Site "Blumenau"]
[Date "2016.09.25"]
[Round "6"]
[White "Dos Santos, Haroldo Cunha Jr"]
[Black "Ikeda, Vinicius Yasuto"]
[Result "0-1"]
[WhiteElo "2103"]
[BlackElo "2014"]
[PlyCount "112"]
[EventDate "2016.09.23"]
[EventType "swiss"]
[EventRounds "6"]
[EventCountry "BRA"]
[SourceTitle "CBM 174 Extra"]
[Source "ChessBase"]
[SourceDate "2016.10.10"]
[SourceVersion "1"]
[SourceVersionDate "2016.10.10"]
[SourceQuality "1"]

1. d4 Nf6 2. Nf3 e6 3. Bf4 d5 4. e3 Bd6 5. Ne5 0-0 6. Bd3 b6 7. Nd2 Bb7 8. Bg3 Nbd7 9. 0-0 Ne4 10. Nxe4 dxe4 11. Bb5 Nxe5 12. dxe5 Be7 13. Qe2 c6 14. Ba6 Qc7 15. Bxb7 Qxb7 16. Qc4 c5 17. a4 Rfd8 18. a5 b5 19. a6 Qc6 20. Qe2 Rd7 21. Rfd1 c4 22. b3 Rad8 23. Rxd7 Rxd7 24. h4 h6 25. bxc4 bxc4 26. h5 c3 27. Bf4 Kh7 28. Rb1 Rd2 29. Qg4 Qxa6 30. Bxh6 gxh6 31. Qxe4+ Kg7 32. Rb7 Qe2 33. Rxe7 Qd1+ 34. Kh2 Qxh5+ 35. Kg3 Qg5+ 36. Qg4 Qxg4+ 37. Kxg4 Rxc2 38. Rxa7 Rxf2 39. Kg3 c2 40. Rc7 Rd2 41. Kf3 h5 42. g3 Kg6 43. e4 Kg5 44. Rc8 Rd3+ 45. Kf2 Kg4 46. Rxc2 Rf3+ 47. Ke2 Kxg3 48. Rc8 h4 49. Rh8 Rf4 50. Ke3 Rg4 51. Rh7 h3 52. Rxf7 h2 53. Rf1 Kg2 54. Ra1 h1Q 55. Rxh1 Kxh1 56. Kd4 Rg2 0-1

[Event "Blumenau Ann 100 op"]
[Site "Blumenau"]
[Date "2016.09.24"]
[Round "2"]
[White "Kirchner, Jaison"]
[Black "Ikeda, Vinicius Yasuto"]
[Result "1/2-1/2"]
[WhiteElo "1819"]
[BlackElo "2014"]
[PlyCount "77"]
[EventDate "2016.09.23"]
[EventType "swiss"]
[EventRounds "6"]
[EventCountry "BRA"]
[SourceTitle "CBM 174 Extra"]
[Source "ChessBase"]
[SourceDate "2016.10.10"]
[SourceVersion "1"]
[SourceVersionDate "2016.10.10"]
[SourceQuality "1"]

1. d4 Nf6 2. Nf3 e6 3. g3 d5 4. Bg2 c5 5. c3 Nc6 6. 0-0 b6 7. c4 Be7 8. Nc3 Bb7 9. cxd5 exd5 10. Bg5 h6 11. Bf4 0-0 12. Rc1 a6 13. Re1 Re8 14. h3 Bf8 15. g4 Ne4 16. e3 Nxc3 17. Rxc3 Rc8 18. Rc1 cxd4 19. Nxd4 Nxd4 20. Rxc8 Qxc8 21. exd4 Re6 22. Re3 Rc6 23. Re2 Rc4 24. b3 Rc3 25. Bf1 a5 26. Re1 Rc2 27. Qa1 h5 28. Bg3 Rc3 29. Bf4 Qc6 30. Rc1 Bb4 31. Bd2 Rxc1 32. Qxc1 Qxc1 33. Bxc1 Bc3 34. Be3 g6 35. Bd3 Bc8 36. f3 f5 37. gxh5 gxh5 38. Kg2 Kg7 39. f4 1/2-1/2

[Event "BRA-ch U20"]
[Site "Icara"]
[Date "2016.06.25"]
[Round "4"]
[White "De Souza, Joao Francisco Mend"]
[Black "Ikeda, Vinicius Yasuto"]
[Result "1-0"]
[WhiteElo "1802"]
[BlackElo "2024"]
[PlyCount "67"]
[EventDate "2016.06.23"]
[EventType "swiss"]
[EventRounds "7"]
[EventCountry "BRA"]
[SourceTitle "EXT 2017"]
[Source "ChessBase"]
[SourceDate "2016.10.25"]
[SourceVersion "1"]
[SourceVersionDate "2016.10.25"]
[SourceQuality "1"]

1. e4 e5 2. Nc3 Nf6 3. Bc4 Bc5 4. d3 c6 5. Bg5 d5 6. exd5 Bxf2+ 7. Kxf2 Ng4+ 8. Qxg4 Bxg4 9. Bxd8 Kxd8 10. Nf3 f6 11. Rhe1 Nd7 12. h3 Bh5 13. g4 Bg6 14. Nh4 Nb6 15. Nxg6 hxg6 16. Kg2 Kc7 17. Re3 Rad8 18. dxc6 Nxc4 19. dxc4 bxc6 20. Rd1 Rd4 21. Red3 Rxd3 22. Rxd3 Re8 23. c5 Rb8 24. b3 Rb4 25. a3 Rb8 26. Ne4 Re8 27. Rd6 g5 28. Rd3 Rf8 29. Nd6 Rh8 30. Nf5 Rh7 31. Rd6 g6 32. Ng3 Rd7 33. Rxf6 Rd2+ 34. Rf2 1-0

[Event "BRA-ch U20"]
[Site "Icara"]
[Date "2016.06.25"]
[Round "5"]
[White "Ikeda, Vinicius Yasuto"]
[Black "Topanotti, Adriano Valga"]
[Result "0-1"]
[WhiteElo "2024"]
[BlackElo "1703"]
[PlyCount "64"]
[EventDate "2016.06.23"]
[EventType "swiss"]
[EventRounds "7"]
[EventCountry "BRA"]
[SourceTitle "EXT 2017"]
[Source "ChessBase"]
[SourceDate "2016.10.25"]
[SourceVersion "1"]
[SourceVersionDate "2016.10.25"]
[SourceQuality "1"]

1. d4 Nf6 2. c4 c5 3. d5 e6 4. Nc3 exd5 5. cxd5 d6 6. e4 g6 7. Nf3 Bg7 8. Be2 0-0 9. 0-0 Re8 10. Qc2 Na6 11. a3 Rb8 12. h3 Nc7 13. a4 Na6 14. Bf4 Nb4 15. Qb1 a6 16. Rd1 Nh5 17. Bh2 f5 18. Nd2 f4 19. Bxh5 gxh5 20. Bxf4 Rf8 21. Be3 Qh4 22. Nf1 Be5 23. Ne2 Kh8 24. f4 Bxh3 25. gxh3 Rg8+ 26. Kh2 Rg5 27. Rd2 Rbg8 28. Nfg3 Rxg3 29. Ng1 Rxh3+ 30. Nxh3 Qg3+ 31. Kh1 Qxh3+ 32. Rh2 Qf3+ 0-1

[Event "BRA-ch U20"]
[Site "Icara"]
[Date "2016.06.24"]
[Round "3"]
[White "Ikeda, Vinicius Yasuto"]
[Black "Gauche, Joao Gabriel N Silv"]
[Result "1-0"]
[WhiteElo "2024"]
[BlackElo "1718"]
[PlyCount "45"]
[EventDate "2016.06.23"]
[EventType "swiss"]
[EventRounds "7"]
[EventCountry "BRA"]
[SourceTitle "EXT 2017"]
[Source "ChessBase"]
[SourceDate "2016.10.25"]
[SourceVersion "1"]
[SourceVersionDate "2016.10.25"]
[SourceQuality "1"]

1. d4 Nf6 2. c4 g6 3. Nc3 d5 4. cxd5 Nxd5 5. e4 Nxc3 6. bxc3 Bg7 7. Bc4 c5 8. Ne2 0-0 9. 0-0 Nc6 10. Be3 Qc7 11. Qc1 e6 12. Rd1 Rd8 13. Bf4 e5 14. Bg3 Na5 15. Bd5 Be6 16. dxe5 Bxe5 17. Qg5 Bxg3 18. Nxg3 Nc4 19. Bxe6 fxe6 20. f4 Ne3 21. Rxd8+ Rxd8 22. f5 Nc4 23. fxg6 1-0